00495nam a22001097a 4500040000900000082002700009100001500036245019400051260002800245300002500273856008700298 cRUA  aAVM CHA 2011 B098 Or.1 aCHAV YOKY  aStudy on trypanosomosis (surra ) of pony in takeo province, (ការសិក្សាពីជំងឺ Trypanosomosis (SURRA) របស់សេះនៅ ខេត្តតាកែវ) aphnom penh brua c2011 axi,53p.bill.c29cm. uhttps://drive.google.com/file/d/1Bv-PuG8neVSM50gbJG-51m9vLDa42Mvi/view?usp=sharing